[Event "Detroit op1"]
[Site "Detroit"]
[Date "2003.05.18"]
[Round "5"]
[White "Burwell, Raymond"]
[Black "Babka, Jay"]
[Result "1/2-1/2"]
[WhiteElo "1630"]
[BlackElo "1721"]
[PlyCount "55"]
[EventDate "2003.05.17"]
[EventType "swiss"]
[EventRounds "5"]
[EventCountry "USA"]
[SourceTitle "EXT 2007"]
[Source "ChessBase"]
[SourceDate "2006.11.23"]
[SourceVersion "1"]
[SourceVersionDate "2006.11.23"]
[SourceQuality "1"]

1. b3 e5 2. Bb2 Nc6 3. e3 d6 4. Nc3 Be6 5. d4 exd4 6. exd4 d5 7. Nf3 Bb4 8. Bb5 Nge7 9. 0-0 0-0 10. a3 Bd6 11. Re1 a6 12. Bd3 Ng6 13. Ne2 Bg4 14. Ng3 Qf6 15. Be2 Nf4 16. Ne5 Bxe2 17. Nxe2 Qg5 18. Nxf4 Qxf4 19. Nf3 Rfe8 20. Qd2 Qxd2 21. Nxd2 Re7 22. Rxe7 Bxe7 23. Re1 Kf8 24. Nf3 Rd8 25. Kf1 Na5 26. Bc3 Nc6 27. Bb2 Na5 28. Bc3 1/2-1/2

[Event "Detroit op"]
[Site "Detroit"]
[Date "2000.12.16"]
[Round "4"]
[White "Jarrett, Thomas"]
[Black "Babka, Jay"]
[Result "0-1"]
[WhiteElo "1106"]
[BlackElo "1718"]
[PlyCount "58"]
[EventDate "2000.12.16"]
[EventType "swiss"]
[EventRounds "6"]
[EventCountry "USA"]
[SourceTitle "EXT 2007"]
[Source "ChessBase"]
[SourceDate "2006.11.23"]
[SourceVersion "1"]
[SourceVersionDate "2006.11.23"]
[SourceQuality "1"]

1. d4 f5 2. Nf3 g6 3. g3 Bg7 4. Bg2 Nf6 5. 0-0 d6 6. c3 0-0 7. Re1 Qe8 8. Nfd2 Nc6 9. e4 fxe4 10. Nxe4 Nxe4 11. Bxe4 Qf7 12. Qb3 e6 13. Qc2 d5 14. Bg2 e5 15. dxe5 Nxe5 16. Be3 Bf5 17. Qd2 c6 18. Bc5 Bh3 19. Bxf8 Nf3+ 20. Kh1 Bxg2+ 21. Kxg2 Nxd2 22. Nxd2 Rxf8 23. Rf1 d4 24. Ne4 Qf3+ 25. Kg1 Qxe4 26. Rae1 Qc2 27. cxd4 Bxd4 28. Rc1 Bxf2+ 29. Kh1 Qe4# 0-1